Bring Me the Horizon Songs Quiz - Statistics

General Stats
  • This quiz has been taken 1,339 times
    727 since last reset
  • The average score is 48 of 127
Answer Stats
Album Year Song % Correct
NeX GEn 2024 n/A
93%
Sempiturnal 2013 Can You Feel My Heart
85%
That's The Spirit 2015 Throne
75%
SURVIVAL HORROR 2020 Kingslayer
73%
Sempiturnal 2013 Shadow Moses
72%
That's The Spirit 2015 Drown
71%
That's The Spirit 2015 Happy Song
71%
Sempiturnal 2013 Sleepwalking
70%
That's The Spirit 2015 Doomed
69%
NeX GEn 2024 Kool-Aid
68%
SURVIVAL HORROR 2020 Parasite Eve
66%
Sempiturnal 2013 The House Of Wolves
65%
Suicide Season 2008 Chelsea Smile
64%
SURVIVAL HORROR 2020 Teardrops
64%
NeX GEn 2024 LosT
63%
amo 2019 MANTRA
63%
SURVIVAL HORROR 2020 Obey
63%
NeX GEn 2024 AmEN!
62%
NeX GEn 2024 DArkSide
62%
That's The Spirit 2015 True Friends
62%
That's The Spirit 2015 Avalanche
61%
That's The Spirit 2015 Follow You
61%
SURVIVAL HORROR 2020 Dear Diary,
60%
SURVIVAL HORROR 2020 1x1
59%
Sempiturnal 2013 Hospital For Souls
59%
Count Your Blessings 2006 Pray for Plagues
57%
NeX GEn 2024 sTraNgeRs
56%
Suicide Season 2008 Suicide Season
56%
SURVIVAL HORROR 2020 Ludens
55%
NeX GEn 2024 YOUtopia
55%
Sempiturnal 2013 Antivist
54%
NeX GEn 2024 DiE4u
53%
That's The Spirit 2015 Oh No
53%
Sempiturnal 2013 Empire (Let Them Sing)
52%
That's The Spirit 2015 Run
52%
NeX GEn 2024 Top 10 staTues tHat CriEd bloOd
52%
NeX GEn 2024 liMOusine
51%
amo 2019 medicine
51%
amo 2019 sugar honey ice & tea
51%
Sempiturnal 2013 And The Snakes Start To Sing
50%
Sempiturnal 2013 Go To Hell, For Heaven's Sake
50%
NeX GEn 2024 DIg It
49%
NeX GEn 2024 [ost] puss-e
49%
NeX GEn 2024 a bulleT w- my namE On
48%
There Is A Hell 2010 It Never Ends
48%
That's The Spirit 2015 Blasphemy
47%
amo 2019 mother tongue
47%
Sempiturnal 2013 Deathbeds
45%
amo 2019 heavy metal
45%
Feature 2022 Bad Habits
43%
NeX GEn 2024 Rip (duskCOre Remix)
43%
There Is A Hell 2010 Alligator Blood
41%
There Is A Hell 2010 Crucify Me
41%
Suicide Season 2008 Diamonds Aren't Forever
41%
There Is A Hell 2010 Fuck
41%
Sempiturnal 2013 Join The Club
41%
SURVIVAL HORROR 2020 One Day the Only Butterflies Left Will Be in Your Chest as You March Towards Your Death
41%
SURVIVAL HORROR 2020 Itch for the Cure (When Will We Be Free?)
40%
amo 2019 nihilist blues
40%
That's The Spirit 2015 What You Need
40%
amo 2019 wonderful life
40%
NeX GEn 2024 [ost] dreamseeker
39%
Sempiturnal 2013 Crooked Young
36%
amo 2019 in the dark
36%
There Is A Hell 2010 Don't Go
35%
There Is A Hell 2010 Anthem
34%
Count Your Blessings 2006 (I Used To Make Out With) Medusa
34%
NeX GEn 2024 [ost] (spi)ritual
34%
Suicide Season 2008 Football Season is Over
33%
amo 2019 i apologise if you feel something
33%
amo 2019 i don't know what to say
33%
Suicide Season 2008 The Comedown
33%
amo 2019 ouch
32%
Count Your Blessings 2006 Tell Slater Not To Wash His D**k
32%
Feature 2023 Happier
31%
Sempiturnal 2013 Seen It All Before
31%
Count Your Blessings 2006 Braille (For Stevie Wonder's Eyes Only)
30%
Feature 2023 Code Mistake
30%
There Is A Hell 2010 Blessed With A Curse
29%
Feature 2023 Werewolf
28%
amo 2019 why you gotta kick me when i'm down?
28%
There Is A Hell 2010 Blacklist
27%
Suicide Season 2008 It Was Written In Blood
27%
Count Your Blessings 2006 Black & Blue
26%
amo 2019 fresh bruises
26%
Feature 2022 maybe
26%
Edge of Your Seat 2004 RAWWWRR!
26%
There Is A Hell 2010 The Fox And The Wolf
26%
There Is A Hell 2010 Memorial
25%
There Is A Hell 2010 Visions
25%
Feature 2022 Bad Life
24%
There Is A Hell 2010 Home Sweet Hole
24%
Suicide Season 2008 No Need for Introductions, I've Read About Girls Like You on the Backs of Toilet Doors
24%
Suicide Season 2008 Death Breath
23%
Suicide Season 2008 The Sadness Will Never End
23%
Sempiturnal 2013 Chasing Rainbows
21%
Suicide Season 2008 Sleep With One Eye Open
21%
Count Your Blessings 2006 A Lot Like Vegas
20%
Count Your Blessings 2006 Off The Heezay
19%
Count Your Blessings 2006 Slow Dance
19%
Music to listen to~ 2019 Candy Truck / You Expected: LAB Your Result: Green
18%
Edge of Your Seat 2004 re: they have no reflections
18%
Feature 2021 VAMPIR
18%
Count Your Blessings 2006 Fifteen Fathoms, Counting
17%
Feature 2021 Let's Get the Party Started
17%
Count Your Blessings 2006 Liquor & Love Lost
17%
Edge of Your Seat 2004 who wants flowers when you're dead? nobody
17%
Music to listen to~ 2019 Steal Something.
16%
Edge of Your Seat 2004 Traitors never Play Hang-man
16%
Music to listen to~ 2019 ¿
15%
Feature 2017 Silence Speaks
14%
Feature 2022 Fallout
13%
Music to listen to~ 2019 Dead Dolphin Sounds 'aid brain growth in unborn child' Virtual Therapy / Nature Healing 2 Hours
12%
Music to listen to~ 2019 Underground Big [HEADFULOFHYENA]
11%
Music to listen to~ 2019 Tapes
9%
Music to listen to~ 2019 A Devastating Liberation
8%
Feature 2011 Bite My Tongue
8%
Music to listen to~ 2019 "like seeing spiders running riot on your lover's grave"
8%
Feature 2021 No More Friends
8%
Feature 2021 Knife Party
7%
Feature 2023 Wish I Could Forget
7%
Non-Album Single 2019 Drone Bomb Me
5%
Feature 2021 SALT
5%
Non-Album Single 2022 Moon Over the Castle
4%
Feature 2021 Dummy
3%
Feature 2013 Even If You Win, You're Still A Rat
2%
Feature 2020 Experiment On Me
2%
No matching quizzes found
Score Distribution
Percent of People with Each Score
Percentile by Number Answered
Your Score History
You have not taken this quiz since the last reset